000 00250nam a2200109Ia 4500
005 20251222141930.0
008 251222s9999||||xx |||||||||||||| ||spa||
082 _a516.22/C47
245 0 _aCurso de GeometrĂ­a Plana
264 _bCEPRE-UNI
942 _cLIB
999 _c8989
_d8989